000 00617nam a22001577a 4500
003 OSt
005 20150922111149.0
008 150922b xxu||||| |||| 00| 0 eng d
040 _cRUA
082 _aAGR KAN 2007 B035 Or.1
100 _91097
_aKANG, TITHYA.
245 _aComparison of cassava varieties at royal university of agriculture ការប្រៀបធៀបពូជដំឡូងមីក្នុងលក្ខ័ខណ្ឌសាកលវិទ្យាល័ភូមិន្ឬកសិកម្ម
260 _aPhnom Penh
_bRUA
_c2007
300 _axiii, 47p.
_bill.
_c29cm.
942 _2ddc
_cAGR
999 _c1052
_d1052